[Event "Tula Rjazanov Memorial"]
[Site "Tula"]
[Date "2016.02.11"]
[Round "6"]
[White "Krupoder, Sergey"]
[Black "Ermilov, Petr"]
[Result "1/2-1/2"]
[WhiteElo "1813"]
[BlackElo "1769"]
[PlyCount "85"]
[EventDate "2016.02.05"]
[EventType "swiss"]
[EventRounds "9"]
[EventCountry "RUS"]
[SourceTitle "CBM 171 Extra"]
[Source "ChessBase"]
[SourceDate "2016.04.26"]
[SourceVersion "1"]
[SourceVersionDate "2016.04.26"]
[SourceQuality "1"]

1. e4 e5 2. Nf3 Nc6 3. Bc4 Nf6 4. d4 exd4 5. c3 d3 6. Bxd3 d5 7. e5 Nd7 8. Bf4 Nc5 9. Bc2 Be7 10. 0-0 Bd7 11. Qxd5 Be6 12. Qxd8+ Rxd8 13. Na3 0-0 14. Ng5 Bxg5 15. Bxg5 Rd7 16. Rad1 Rxd1 17. Rxd1 Bxa2 18. Be3 Ne6 19. b3 Na5 20. Bxa7 b6 21. Nb5 Bxb3 22. Bxb3 Nxb3 23. Rb1 Na5 24. Nxc7 Nxc7 25. Bxb6 Rb8 26. Rd1 Nd5 27. Bxa5 Kf8 28. Kf1 Rb5 29. Bb4+ Nxb4 30. cxb4 Rxb4 31. Re1 Ke7 32. g3 Ke6 33. f4 Kf5 34. Kg1 Kg4 35. Re2 Kh3 36. Rf2 Re4 37. Rf1 Re2 38. Rf2 Re1+ 39. Rf1 Re2 40. Rf2 Re1+ 41. Rf1 Re2 42. Rf2 Re1+ 43. Rf1 1/2-1/2

[Event "Tula Rjazanov Memorial"]
[Site "Tula"]
[Date "2016.02.06"]
[Round "1"]
[White "Trubizin, Ivan"]
[Black "Krupoder, Sergey"]
[Result "1-0"]
[WhiteElo "2117"]
[BlackElo "1813"]
[PlyCount "67"]
[EventDate "2016.02.05"]
[EventType "swiss"]
[EventRounds "9"]
[EventCountry "RUS"]
[SourceTitle "CBM 171 Extra"]
[Source "ChessBase"]
[SourceDate "2016.04.26"]
[SourceVersion "1"]
[SourceVersionDate "2016.04.26"]
[SourceQuality "1"]

1. d4 d5 2. c4 e6 3. Nc3 Nf6 4. cxd5 exd5 5. Bg5 Be7 6. e3 0-0 7. Bd3 c6 8. Nge2 Nbd7 9. Qc2 Re8 10. 0-0 Nf8 11. f3 h6 12. Bh4 Be6 13. Rad1 Rc8 14. Bf2 Bd6 15. e4 dxe4 16. fxe4 Ng4 17. e5 Nxf2 18. Rxf2 Bc7 19. Ne4 Bd5 20. Rdf1 Ne6 21. N4c3 Re7 22. Nxd5 Qxd5 23. Bc4 Qd7 24. Qb3 Nd8 25. a4 c5 26. e6 fxe6 27. Rf8+ Kh7 28. Qc2+ g6 29. R1f6 Rg7 30. Bd3 Rg8 31. Bxg6+ Kh8 32. R8f7 Nxf7 33. Rxf7 Qd6 34. Rh7# 1-0

[Event "Novomoskovsk"]
[Site "Novomoskovsk"]
[Date "2010.08.21"]
[Round "6"]
[White "Krupoder, Sergey"]
[Black "Katkov, Sergey1111"]
[Result "1-0"]
[WhiteElo "2087"]
[BlackElo "2057"]
[PlyCount "101"]
[EventDate "2010.08.21"]
[EventType "tourn"]
[EventRounds "13"]
[EventCountry "RUS"]
[SourceTitle "EXT 2022"]
[Source "ChessBase"]
[SourceDate "2021.10.06"]
[SourceVersion "1"]
[SourceVersionDate "2021.10.06"]
[SourceQuality "1"]

1. d4 d5 2. c4 c6 3. Nf3 Nf6 4. Nc3 e6 5. Bg5 Nbd7 6. e3 Be7 7. Rc1 0-0 8. Bd3 a6 9. 0-0 dxc4 10. Bxc4 b5 11. Bd3 c5 12. a4 b4 13. Ne4 Nxe4 14. Bxe4 Ra7 15. Bxe7 Qxe7 16. dxc5 f5 17. Nd4 Ne5 18. Bb1 Rc7 19. Qb3 Rxc5 20. Qxb4 Rc7 21. Qb8 Rc5 22. Ba2 Kh8 23. Rxc5 Qxc5 24. b4 Bd7 25. bxc5 Rxb8 26. Bxe6 Bxe6 27. Nxe6 Kg8 28. Nd4 Rc8 29. c6 Nxc6 30. Rc1 Ne7 31. Rxc8+ Nxc8 32. Nxf5 Nb6 33. a5 Nc4 34. Ne7+ Kf7 35. Nd5 Ke6 36. Nb4 Nxa5 37. Nxa6 Nc6 38. Nc5+ Kd5 39. Nd3 Ke4 40. Nc1 Ne5 41. Kf1 g5 42. Ke2 g4 43. Nb3 h5 44. Nd4 h4 45. f3+ Kd5 46. h3 g3 47. Nf5 Ng6 48. e4+ Ke6 49. Ke3 Ke5 50. f4+ Nxf4 51. Nxh4 1-0

[Event "Novomoskovsk"]
[Site "Novomoskovsk"]
[Date "2010.08.21"]
[Round "2"]
[White "Krupoder, Sergey"]
[Black "Sergeev, Gennady1111"]
[Result "1-0"]
[WhiteElo "2087"]
[BlackElo "2028"]
[PlyCount "85"]
[EventDate "2010.08.21"]
[EventType "tourn"]
[EventRounds "13"]
[EventCountry "RUS"]
[SourceTitle "EXT 2022"]
[Source "ChessBase"]
[SourceDate "2021.10.06"]
[SourceVersion "1"]
[SourceVersionDate "2021.10.06"]
[SourceQuality "1"]

1. d4 Nf6 2. c4 e6 3. Nf3 d5 4. Nc3 c6 5. Bg5 Be7 6. e3 Nbd7 7. Rc1 0-0 8. Bd3 a6 9. 0-0 dxc4 10. Bxc4 b5 11. Bd3 Bb7 12. Bb1 c5 13. Qe2 Qb6 14. Rfd1 Rfe8 15. e4 cxd4 16. Nxd4 Ne5 17. h3 Rac8 18. Nb3 Nc4 19. e5 Qc6 20. f4 Qb6+ 21. Kh2 Nd5 22. Nxd5 Bxd5 23. Bxe7 Rxe7 24. Nd4 Qb7 25. b3 Nb6 26. Rxc8+ Qxc8 27. Nf3 g6 28. Ng5 Rc7 29. Qf2 Nd7 30. Ne4 Bxe4 31. Bxe4 Nc5 32. Bf3 a5 33. Rd6 b4 34. Qd4 Kg7 35. Rd8 Qa6 36. Ra8 Ra7 37. Rb8 Nd7 38. Rd8 Rc7 39. Rxd7 Rc3 40. Ra7 Qb5 41. Rb7 Qe8 42. Qb6 Rc8 43. Re7 1-0

[Event "Belgorod Elo"]
[Site "Belgorod"]
[Date "2007.06.05"]
[Round "7"]
[White "Da Silva Borges, Rodrigo"]
[Black "Krupoder, Sergey"]
[Result "1-0"]
[WhiteElo "2197"]
[BlackElo "2145"]
[PlyCount "73"]
[EventDate "2007.06.01"]
[EventType "tourn"]
[EventRounds "17"]
[EventCountry "RUS"]
[SourceTitle "EXT 2009"]
[Source "ChessBase"]
[SourceDate "2008.11.26"]
[SourceVersion "1"]
[SourceVersionDate "2008.11.26"]
[SourceQuality "1"]

1. e4 c5 2. Nf3 d6 3. d4 cxd4 4. Nxd4 a6 5. Nc3 Nf6 6. f3 Nc6 7. Be3 Bd7 8. Qd2 b5 9. g4 h6 10. h4 Rc8 11. 0-0-0 Ne5 12. a3 Rb8 13. Kb1 b4 14. axb4 Rxb4 15. Bxa6 Qb8 16. Qc1 e6 17. g5 Ng8 18. Be2 Ne7 19. Na2 Rb7 20. f4 N5c6 21. Nb3 Nc8 22. Ba6 Rc7 23. Rhf1 g6 24. Nc3 Nb4 25. Bd4 Rg8 26. Bxc8 Rxc8 27. f5 e5 28. Be3 Qa8 29. Qd2 hxg5 30. hxg5 d5 31. Nxd5 Qa2+ 32. Kc1 Rxc2+ 33. Qxc2 Nxc2 34. Nf6+ Kd8 35. Rxd7+ Kc8 36. Kxc2 Qa6 37. Rc1 1-0

[Event "Tula2"]
[Site "Tula"]
[Date "2001.??.??"]
[Round "8"]
[White "Krupoder, Sergey"]
[Black "Moiseev, Viktor"]
[Result "0-1"]
[WhiteElo "2306"]
[BlackElo "2414"]
[PlyCount "92"]
[EventDate "2001.??.??"]
[EventType "tourn"]
[EventRounds "11"]
[EventCountry "RUS"]
[EventCategory "5"]
[SourceTitle "EXT 2002"]
[Source "ChessBase"]
[SourceDate "2001.11.25"]
[SourceVersion "1"]
[SourceVersionDate "2001.11.25"]
[SourceQuality "1"]

1. d4 d5 2. c4 Nc6 3. Nf3 Bg4 4. cxd5 Bxf3 5. dxc6 Bxc6 6. Nc3 e6 7. e4 Bb4 8. f3 Qh4+ 9. g3 Qf6 10. Be3 0-0-0 11. Bd3 Ba5 12. 0-0 Bb6 13. Ne2 Qe7 14. Qc1 Qe8 15. Qc4 a6 16. Rfc1 h5 17. Qb3 Ne7 18. a4 h4 19. a5 Ba7 20. Kg2 h3+ 21. Kf1 Qd7 22. Bc4 Qe8 23. Qc3 Kb8 24. b4 Qd7 25. Ra2 f5 26. Qd3 fxe4 27. fxe4 Ng6 28. Qb3 Rhf8+ 29. Ke1 Bxe4 30. Bxe6 Qe7 31. Rb2 Bg2 32. Kd2 Rd6 33. Bc4 Ne5 34. b5 axb5 35. Qxb5 Bc6 36. Qb3 Nf3+ 37. Kc2 Be4+ 38. Bd3 Nxd4+ 39. Nxd4 Bxd4 40. Re1 Bd5 41. Qb4 Bxe3 42. Kb1 Qg5 43. Rbe2 Rf3 44. Rd1 Bc6 45. Rb2 Qd8 46. Rb3 Bh6 0-1

[Event "Tula2"]
[Site "Tula"]
[Date "2001.??.??"]
[Round "1"]
[White "Krupoder, Sergey"]
[Black "Rakovich, Viktor"]
[Result "1/2-1/2"]
[WhiteElo "2306"]
[BlackElo "2298"]
[PlyCount "98"]
[EventDate "2001.??.??"]
[EventType "tourn"]
[EventRounds "11"]
[EventCountry "RUS"]
[EventCategory "5"]
[SourceTitle "EXT 2002"]
[Source "ChessBase"]
[SourceDate "2001.11.25"]
[SourceVersion "1"]
[SourceVersionDate "2001.11.25"]
[SourceQuality "1"]

1. e4 c5 2. c3 d5 3. exd5 Qxd5 4. d4 e6 5. Nf3 Nc6 6. Be3 cxd4 7. Nxd4 Nf6 8. Nd2 Be7 9. Qf3 Ne5 10. Qxd5 Nxd5 11. Nc4 Nxc4 12. Bxc4 Nxe3 13. Bb5+ Bd7 14. Bxd7+ Kxd7 15. fxe3 Bg5 16. Ke2 Rhd8 17. h4 Be7 18. g4 Ke8 19. Rad1 Rd7 20. Nf3 Rad8 21. Rxd7 Rxd7 22. g5 f6 23. gxf6 gxf6 24. Rg1 Bf8 25. Rg4 Rg7 26. Rxg7 Bxg7 27. Kd3 Kd7 28. h5 Ke7 29. Nd4 f5 30. b4 a6 31. Nb3 b6 32. c4 e5 33. c5 b5 34. Na5 e4+ 35. Kd2 Kd7 36. Nb3 Be5 37. Nc1 f4 38. exf4 Bxf4+ 39. Kd1 Ke6 40. Ne2 Be3 41. Nc3 Ke5 42. Ke2 Bc1 43. a4 bxa4 44. Nxa4 Ba3 45. Nb6 Bxb4 46. c6 Bd6 47. Na8 Ke6 48. Ke3 Kd5 49. c7 Bxc7 1/2-1/2

[Event "Tula2"]
[Site "Tula"]
[Date "2001.??.??"]
[Round "9"]
[White "Kurilin, Alexander"]
[Black "Krupoder, Sergey"]
[Result "1-0"]
[WhiteElo "2336"]
[BlackElo "2306"]
[PlyCount "89"]
[EventDate "2001.??.??"]
[EventType "tourn"]
[EventRounds "11"]
[EventCountry "RUS"]
[EventCategory "5"]
[SourceTitle "EXT 2002"]
[Source "ChessBase"]
[SourceDate "2001.11.25"]
[SourceVersion "1"]
[SourceVersionDate "2001.11.25"]
[SourceQuality "1"]

1. e4 c6 2. d4 d5 3. e5 Bf5 4. Nc3 e6 5. g4 Bg6 6. Nge2 Be7 7. Bg2 c5 8. dxc5 Bxc5 9. Bf4 Nc6 10. 0-0 f6 11. exf6 Nxf6 12. Bg5 h6 13. Bh4 Bf7 14. Nc1 Bd6 15. Nd3 Qb6 16. a4 0-0-0 17. Nb5 Bb8 18. Qf3 Bg6 19. Qe2 Rde8 20. Rfc1 a6 21. Nc3 Qd4 22. h3 Ne4 23. Nd1 Qb6 24. c4 Nd4 25. Qe3 Nf6 26. c5 Qc7 27. Bxf6 Qh2+ 28. Kf1 Nb3 29. Bxg7 Nxc1 30. Rxc1 Rh7 31. Be5 Bxe5 32. Nxe5 Be4 33. Bxe4 dxe4 34. Qxe4 Qxh3+ 35. Ke1 Rc7 36. Rc3 Qh2 37. c6 Qg1+ 38. Ke2 Kb8 39. cxb7 Rxc3 40. bxc3 Qh2 41. Ne3 Re7 42. Qc6 Rc7 43. Nd7+ Rxd7 44. Qc8+ Ka7 45. Qa8+ 1-0